000 00717nam a2200193 a 4500
001 000032680
005 20240229073937.0
008 110725t19uu dr 000 0bspa d
040 _aDO-SdBNP
_bspa
_cBNPHU
082 _aF-RD 81
100 1 _aLandestoy G., J. M.
_958554
245 1 0 _aEnfoque de la personalidad de Trujillo y de su obra de gobierno /
_cJ. M. Landestoy G.
260 _aCiudad Trujillo, República Dominicana :
_bImprenta Rincon,
_c[195-?].
300 _a38 p. ;
_c23 cm.
600 1 0 _aTrujillo Molina, Rafael Leónidas,
_d 1891-1961
_976764
651 4 _aRepública Dominicana
_xPolítica Y Gobierno
_yERA DE TRUJILLO, 1930-1961
_91374
910 _aValidado. Control de calidad EMS.
049 _aBNPD
999 _c32171
_d32171